| 000 | nam a22 a 4500 | ||
|---|---|---|---|
| 999 |
_c452000 _d452000 |
||
| 003 | BLK | ||
| 005 | 20220405093746.0 | ||
| 008 | 220405b bul|||||r ||||||| ||bul|| | ||
| 010 | _aKNG00178596RET | ||
| 040 | _aBLK | ||
| 041 |
_aBUL _cBUL |
||
| 080 |
_aМотоциклети. Моторолери _b629.118.6 _z629.118.6 |
||
| 100 |
_aПопов, Николай Борисов _eпърви автор _9364588 |
||
| 139 | _aПопов, Никола Борисов | ||
| 245 | 1 | 0 |
_aМотоциклет _bПоддържане, разработване, експлоатация _cНикола Борисов Попов. |
| 257 | _aBGR | ||
| 260 |
_aСофия _bТехника _c1964 |
||
| 300 |
_a240 с. _bс ил., 1 л. черт. _c20 см |
||
| 380 | _a62 | ||
| 650 | 7 |
_aМотоциклети - експлоатация и ремонт _9162782 |
|
| 653 | 0 |
_aпомагало _9392191 |
|
| 852 |
_aЦб 29458 _bЦб |
||
| 856 | 4 |
_qpdf _u |
|
| 856 | 4 |
_qpdf _u |
|
| 942 |
_cKNG _n0 _2udc _s1 |
||
| 944 |
_aCR _c2022-04-05 _kА.М. |
||